| 000 | 00977nam a22002417a 4500 | ||
|---|---|---|---|
| 005 | 20091008101220.0 | ||
| 008 | 840727s1984 nyu | 00| f eng | ||
| 010 | _a B-359313 | ||
| 020 |
_a9780141037431 _c199.00 |
||
| 035 | _aB-359313 | ||
| 037 | _bSuper (vendor) | ||
| 040 |
_adpl _bEnglish |
||
| 082 | _aN | ||
| 100 | _aNabokov, Vladimir | ||
| 245 |
_aLolita / _cby Vladimir Nabokov |
||
| 260 |
_aAustralia _bPenguin Books _c2008 |
||
| 270 |
_a250 Camberwell Road, Camberwell, _bVictoria _e3124 |
||
| 300 |
_a361p. _c20cm. (pbk) |
||
| 700 |
_aNabokov, Vladimir Vladimirovich, _d1899-1977. |
||
| 942 |
_2ddc _cEN _hN _mNAB |
||
| 999 |
_c30842 _d30842 |
||